000 00584nam a2200217Ia 4500
003 GCL
008 140319s9999 xx 000 0 eng d
020 _a1857151720
040 _aGCL /
_cGCL
082 0 4 _a823
_bW B
100 1 _aKERMODE, FRANK
245 1 0 _aBRIDESHEAD REVISITED /
_cKERMODE, FRANK
700 1 _aWAUGH, EVELYN
260 _aانجلترا :
_bEVERYMAN'S LIBRARY ،
_c1993
300 _a21 CM ؛
_cXXIV, 315 P
490 _aTHE MILLENNIUM LIBRARY
_v172
650 0 4 _aENGLISH LITERATURE
650 0 4 _aLITERATURE
650 0 4 _aENGLISH FICTION
942 _2ddc
_cBK
999 _c5555
_d5555